Mathematical methods for physics and engineering / (Record no. 2475)

MARC details
000 -LEADER
fixed length control field 01484nac a22003851i 4500
003 - CONTROL NUMBER IDENTIFIER
control field EG-ScBUE
005 - DATE AND TIME OF LATEST TRANSACTION
control field 20241008100738.0
008 - FIXED-LENGTH DATA ELEMENTS--GENERAL INFORMATION
fixed length control field 130620r20122006enka f 001 0 eng d
020 ## - INTERNATIONAL STANDARD BOOK NUMBER
International Standard Book Number 0521861535 (hbk.)
020 ## - INTERNATIONAL STANDARD BOOK NUMBER
International Standard Book Number 0521679710 (pbk.)
035 ## - SYSTEM CONTROL NUMBER
System control number (OCoLC)ocm62532900
040 ## - CATALOGING SOURCE
Original cataloging agency EG-ScBUE
Language of cataloging eng
Description conventions rda
Transcribing agency EG-ScBUE
Modifying agency EG-ScBUE
082 04 - DEWEY DECIMAL CLASSIFICATION NUMBER
Classification number 515.1
Item number RIL
Edition number 22
100 1# - MAIN ENTRY--PERSONAL NAME
Personal name Riley, K. F.,
Relator term author.
9 (RLIN) 33397
245 10 - TITLE STATEMENT
Title Mathematical methods for physics and engineering /
Statement of responsibility, etc K.F. Riley, M.P. Hobson and S.J. Bence.
250 ## - EDITION STATEMENT
Edition statement Third edition.
250 ## - EDITION STATEMENT
Edition statement Ninth printing.
264 #1 - PUBLICATION, DISTRIBUTION, ETC. (IMPRINT)
Place of publication, distribution, etc Cambridge ;
-- New York :
Name of publisher, distributor, etc Cambridge University Press,
Date of publication, distribution, etc 2012.
300 ## - PHYSICAL DESCRIPTION
Extent xxvii, 1333 pages :
Other physical details illustrations ;
Dimensions 26 cm
336 ## - CONTENT TYPE
Source rdacontent
Content type term text
Content type code txt
337 ## - MEDIA TYPE
Media type term unmediated
Source rdamedia
Media type code n
338 ## - CARRIER TYPE
Carrier type term volume
Carrier type code nc
Source rdacarrier
500 ## - GENERAL NOTE
General note Previous ed.: 2002.
500 ## - GENERAL NOTE
General note Includes index.
650 #7 - SUBJECT ADDED ENTRY--TOPICAL TERM
Topical term or geographic name as entry element Mathematical analysis.
Source of heading or term BUEsh
9 (RLIN) 33398
650 #7 - SUBJECT ADDED ENTRY--TOPICAL TERM
Topical term or geographic name as entry element Engineering mathematics.
Source of heading or term BUEsh
9 (RLIN) 33399
650 #7 - SUBJECT ADDED ENTRY--TOPICAL TERM
Topical term or geographic name as entry element Mathematical physics.
Source of heading or term BUEsh
9 (RLIN) 33400
653 ## - INDEX TERM--UNCONTROLLED
Arrived date list June2013
655 ## - INDEX TERM--GENRE/FORM
Form subdivision Reading book
700 1# - ADDED ENTRY--PERSONAL NAME
Personal name Hobson, M. P.
Fuller form of name (Michael Paul),
Dates associated with a name 1967-
Relator term author.
9 (RLIN) 33401
700 1# - ADDED ENTRY--PERSONAL NAME
Personal name Bence, S. J.
Fuller form of name (Stephen John),
Dates associated with a name 1972-
Relator term author.
9 (RLIN) 33402
856 42 - ELECTRONIC LOCATION AND ACCESS
Materials specified Publisher description
Uniform Resource Identifier <a href="http://www.loc.gov/catdir/enhancements/fy0665/2006280779-d.html">http://www.loc.gov/catdir/enhancements/fy0665/2006280779-d.html</a>
856 42 - ELECTRONIC LOCATION AND ACCESS
Materials specified Table of contents only
Uniform Resource Identifier <a href="http://www.loc.gov/catdir/enhancements/fy0665/2006280779-t.html">http://www.loc.gov/catdir/enhancements/fy0665/2006280779-t.html</a>
942 ## - ADDED ENTRY ELEMENTS (KOHA)
Koha item type NB - Book (Non borrowing)
Source of classification or shelving scheme Dewey Decimal Classification
Holdings
Withdrawn status Lost status Source of classification or shelving scheme Damaged status Not for loan Collection code Home library Current library Shelving location Date acquired Source of acquisition Cost, normal purchase price Total Checkouts Full call number Barcode Date last seen Cost, replacement price Price effective from Koha item type Serial Enumeration / chronology Total Renewals Date checked out Checked out
    Dewey Decimal Classification     Baccah Central Library Central Library First floor 21/02/2007 Purchase 300.00   515.1 RIL 000001738 15/07/2025 375.00 21/02/2007 NB - Book (Non borrowing)        
    Dewey Decimal Classification     Baccah Central Library Central Library First floor 20/06/2013 Purchase 300.00 2 515.1 RIL 000028770 15/07/2025 375.00 20/06/2013 Book - Borrowing 17929 16 09/04/2017  
    Dewey Decimal Classification     Baccah Central Library Central Library First floor 20/06/2013 Purchase 300.00 1 515.1 RIL 000028771 31/08/2014 375.00 20/06/2013 Book - Borrowing 17929 8 31/08/2014 23/12/2023